| 000 | 00737cam a2200217 4500 | ||
|---|---|---|---|
| 008 | 000000n1998 000 0 eng u | ||
| 020 | _a1855836079X | ||
| 035 | _a(Sirsi) u100692 | ||
| 041 | _aENG | ||
| 050 | _a614.7026 | ||
| 100 | _aSpedding, Linda | ||
| 245 | _aEnvironmental law guide. | ||
| 260 |
_aLondon _bOld Bailey Press _c1998 |
||
| 300 | _a304p. ; 25cm. | ||
| 350 | _a26.95 | ||
| 520 | _aThis is a practical handbook which will be of value to those concerned with the ramifications of this area of practice. Its content will help the practitioner to understand environmental regulation from the business client perspective. | ||
| 650 |
_aEnvironment _96238 |
||
| 650 | _aLEGISLATION | ||
| 690 | _aLAW | ||
| 942 | _n0 | ||
| 999 |
_c99760 _d99760 |
||